| 000 | 01646pam a2200277 a 4500 | ||
|---|---|---|---|
| 020 | _a0803109873 | ||
| 082 | 0 | 0 |
_a628.36 _bCHE _cL-23, P-68. |
| 245 | 0 | 0 |
_aChemical and biological characterization of municipal sludges, sediments, dredge spoils, and drilling muds / _cJames J. Lichtenberg ... [et al.]. |
| 260 |
_aPhiladelphia, PA : _bAmerican Society for Testing and Materials, _cc1988. |
||
| 300 |
_a512 p. : _bill., maps ; _c24 cm. |
||
| 490 | 1 | _aASTM special technical publications ; | |
| 500 | _a"Papers presented at the Symposium on Chemical and Biological Characterization of Municipal Sludges, Sediments, Dredge Spoils, and Drilling Muds which was held in Cincinnati, OH, on 20-22 May 1986"--Foreword. | ||
| 500 | _aSponsored by the Environmental Protection Agency laboratories: Environmental Monitoring and Support Laboratory and the Environmental Criteria and Assessment Office in cooperation with the Water Engineering Research Laboratory, all of Cincinnati, Ohio. | ||
| 526 |
_a0 _b0 _c0 _d628_360000000000000_CHE |
||
| 650 | 0 |
_aHealth risk assessment _zUnited States _xCongresses. _944163 |
|
| 650 | 0 |
_aMCE _9379 |
|
| 650 | 0 |
_aSewage disposal _xEnvironmental aspects _zUnited States _xCongresses. _944164 |
|
| 650 | 0 |
_aSewage _xAnalysis _xCongresses. _944165 |
|
| 650 | 0 |
_aSewage _xPurification _xBiological treatment _92606 |
|
| 650 | 0 |
_aWater quality management _zUnited States _944166 |
|
| 700 | 1 |
_aLichtenberg, James J. _944167 |
|
| 710 | 1 |
_aUnited States. _921185 |
|
| 710 | 2 |
_aEnvironmental Monitoring and Support Laboratory (Cincinnati, Ohio) _944168 |
|
| 710 | 2 |
_aWater Engineering Research Laboratory. _944169 |
|
| 942 |
_2ddc _cBK |
||
| 999 |
_c547989 _d547989 |
||